000 00351nam a22001457a 4500
008 210224b ||||| |||| 00| 0 eng d
020 _a9780697157850
041 _aeng
080 _24th
_a91
082 _a91
100 _a42
101 _aGJEO
245 _aHuman Geography Landscape of Human Activities
_cFellmann, J & Getis, A
942 _2udc
_cBK
999 _c55166
_d55166